000 00506nam a2200181Ia 4500
003 GCL
008 140319s9999 xx 000 0 ara d
040 _aGCL /
_cGCL
082 0 4 _a823.03
_bب ا
100 1 _aباك، بيرل
245 1 0 _aالارض الطيبة /
_cباك، بيرل
700 1 _aمنير البعلبكى
300 _a303 ص
490 _a
650 0 4 _aالقصص الامريكية المترجمة
650 0 4 _aالادب الامريكى المترجم
942 _2ddc
_cBK
999 _c39129
_d39129